中学受験大手四社が全てある街 - Statistics

General Stats
  • This quiz has been taken 8 times
  • The average score is 7 of 16
Answer Stats
Answer % Correct
渋谷
100%
大宮
100%
横浜
100%
71%
吉祥寺
71%
御茶ノ水
43%
所沢
43%
町田
43%
日吉
43%
巣鴨
29%
南浦和
29%
成城学園前
29%
豊洲
14%
新浦安
0%
勝どき
0%
上大岡
0%
No matching quizzes found
Score Distribution
Percent of People with Each Score
Percentile by Number Answered
Your Score History
You have not taken this quiz